Knockout first certificate ( Student's book )
Enregistré dans:
| Auteur principal: | |
|---|---|
| Format: | Livre |
| Langue: | Undetermined |
| Publié: |
Oxford
Oxford Univ. Press
1999
|
| Sujets: | |
| Tags: |
Ajouter un tag
Pas de tags, Soyez le premier à ajouter un tag!
|
| Thư viện lưu trữ: | Trung tâm Học liệu Trường Đại học Cần Thơ |
|---|
| LEADER | 00595nam a2200193Ia 4500 | ||
|---|---|---|---|
| 001 | CTU_42372 | ||
| 008 | 210402s9999 xx 000 0 und d | ||
| 020 | |b 102.000đ | ||
| 082 | |a 428.24 | ||
| 082 | |b K72s | ||
| 100 | |a Peter May | ||
| 245 | 0 | |a Knockout first certificate ( Student's book ) | |
| 245 | 0 | |c Peter May, Jackie Martin | |
| 260 | |a Oxford | ||
| 260 | |b Oxford Univ. Press | ||
| 260 | |c 1999 | ||
| 650 | |a english language - study and teaching,english language - textbooks for foreign speakers | ||
| 904 | |i Minh, 010720 | ||
| 980 | |a Trung tâm Học liệu Trường Đại học Cần Thơ | ||